Sports Quiz

Random Sports or College Quiz

NCAA FBS Colleges Quiz Stats

 Plays Quiz Updated Jul 30, 2018

Score 0/130 Timer 12:00
0 Plays Today
School % Correct
Alabama
96.6%
Florida
96.2%
Texas
95.7%
Michigan
94.5%
Florida State
94.2%
Ohio
93.7%
North Carolina
93.6%
USC
93.4%
Georgia
93.2%
Michigan State
92.9%
Oregon
92.8%
Ohio State
92.3%
Arizona
92.1%
Washington
91.8%
Oklahoma
91.7%
Arkansas
91.4%
LSU
91.1%
Arizona State
91%
Oregon State
90.7%
Virginia
90.6%
Texas Tech
90.6%
UCLA
90.5%
Kansas
90.2%
Miami (FL)
90.2%
Texas A&M
90.1%
South Carolina
89.9%
Oklahoma State
89.9%
Kentucky
89.8%
Iowa
89.6%
Washington State
89.5%
Mississippi
89.2%
California
89%
Penn State
88.8%
Tennessee
88.5%
Illinois
88.3%
Kansas State
88.1%
Georgia Tech
88.1%
Indiana
88.1%
Colorado
87.7%
Virginia Tech
87.3%
Duke
86.5%
Wisconsin
86.5%
Auburn
85.9%
Mississippi State
85.7%
School % Correct
Nebraska
85.4%
Iowa State
85.2%
Utah
84.9%
Minnesota
84.8%
North Carolina State
84.4%
West Virginia
84.3%
Notre Dame
83.5%
Boise State
83.3%
Army
82.8%
Missouri
82.6%
Air Force
82.4%
Maryland
81.9%
Colorado State
81.8%
Boston College
81.6%
Miami University (OH)
81.4%
New Mexico
81.2%
Navy
81%
Stanford
80.6%
Clemson
80.3%
Pittsburgh
80%
Wyoming
79.8%
Rutgers
79.7%
Connecticut
79.2%
Syracuse
79.1%
Baylor
78.5%
Hawaiʻi
78.4%
South Florida
77.5%
Purdue
76.8%
Louisville
76.4%
Northwestern
76.1%
Brigham Young
76%
Nevada
75.9%
TCU
75.8%
Georgia State
75.5%
Utah State
75.3%
Vanderbilt
75.2%
New Mexico State
74.6%
Akron
74.4%
UNLV
73.2%
Arkansas State
72.8%
UCF
72.7%
Wake Forest
71.3%
Western Michigan
71.1%
Eastern Michigan
70.2%
School % Correct
Houston
69.2%
San Diego State
69.1%
Cincinnati
68.6%
Texas State
68.6%
Central Michigan
68.2%
University of Massachusetts
67.7%
Memphis
67.5%
Georgia Southern
67.1%
Florida International
67%
Tulane
66.8%
Florida Atlantic
64.5%
UTEP
63.9%
Buffalo
63.2%
Rice
62.9%
Tulsa
62.8%
Southern Methodist
62.7%
Temple
62.4%
Marshall
61.5%
Louisiana Tech
61.1%
Fresno State
61.1%
East Carolina
60.9%
Western Kentucky
60.5%
Toledo
60.3%
Louisiana-Lafayette
60.2%
Kent State
59.6%
Bowling Green
59.6%
UTSA
59.5%
Louisiana-Monroe
59.4%
Northern Illinois
59.2%
North Texas
59.1%
Ball State
58.9%
UAB
58.2%
Appalachian State
57.2%
San Jose State
56.9%
Southern Miss
54.4%
Middle Tennessee State
53.7%
South Alabama
53.1%
Troy
51.7%
Old Dominion
50.3%
Coastal Carolina
48.1%
Liberty
46.6%
Charlotte
46.1%

You're not logged in!

Compare scores with friends on all Sporcle quizzes.
OR
Log In

Show Comments

Extras

Top Quizzes Today


Score Distribution

Your Account Isn't Verified!

In order to create a playlist on Sporcle, you need to verify the email address you used during registration. Go to your Sporcle Settings to finish the process.

Report this User

Report this user for behavior that violates our Community Guidelines.

Details: